Pokémon - Les attaques de Pyronille - Statistiques

Statistiques générales
  • Ce quiz a été pris 11 fois
  • Le résultat moyen est 10 sur 13
Statistiques - réponses
Niveaux Types Noms des attaques % Correct
Départ Feu Flammèche
100%
Départ Insecte Sécrétion
100%
Niveau 42 Insecte Bourdon
86%
Niveau 66 Feu Boutefeu
86%
Niveau 24 Insecte Piqûre
86%
Niveau 48 Normal Bélier
71%
Niveau 60 Normal Damoclès
71%
Niveau 6 Feu Nitrocharge
71%
Niveau 18 Feu Roue de Feu
71%
Niveau 12 Insecte Survinsecte
71%
Niveau 30 Normal Grincement
57%
Niveau 54 Psy Amnésie
43%
Niveau 36 Insecte Vampirisme
43%
Aucun quiz correspondant
Distribution des résultats
% des personnes avec chaque résultat
Percentile par nombre de réponses
Votre historique - résultats
Vous n’avez pas pris ce quiz